Sport in rural areas (1815–1970s): A historiographical review and new prospects (notice n° 1919288)

détails MARC
000 -LEADER
fixed length control field 01847cam a2200181 4500500
005 - DATE AND TIME OF LATEST TRANSACTION
control field 20260329022327.0
041 ## - LANGUAGE CODE
Language code of text/sound track or separate title fre
042 ## - AUTHENTICATION CODE
Authentication code dc
100 10 - MAIN ENTRY--PERSONAL NAME
Personal name Gardi, Romain
Relator term author
245 00 - TITLE STATEMENT
Title Sport in rural areas (1815–1970s): A historiographical review and new prospects
260 ## - PUBLICATION, DISTRIBUTION, ETC.
Date of publication, distribution, etc. 2025.<br/>
500 ## - GENERAL NOTE
General note 5
520 ## - SUMMARY, ETC.
Summary, etc. Few studies have focused on sport in rural areas, even though the notion of sociability has long been explored in rural history. The history of sport, a prolific field of research since the 1980s, has likewise paid little attention to rural spaces. At the intersection of these two historiographies, sport has long been regarded primarily as an urban phenomenon, which largely explains this historiographical blind spot. However, recent work has begun to challenge this urban-centered perspective by examining rural sociability from the nineteenth century onward. A network of associations began to emerge in villages at the turn of the twentieth century. Modern sport truly began to take off in the 1920s, and only grew in popularity after the Second World War. The aim of this collective article is to provide a comprehensive overview of recent research, but also highlight ongoing gaps in the literature. Nineteenth-century practices are still relatively poorly documented. Peasants’ sporting activities, for instance—especially those of women—seem to have been largely overlooked. Likewise, very little work has addressed sport and sociability in the post-1945 period, at a time when rural areas were experiencing major transformations.
700 10 - ADDED ENTRY--PERSONAL NAME
Personal name Pabion, Lionel
Relator term author
700 10 - ADDED ENTRY--PERSONAL NAME
Personal name Tropeau, Christophe
Relator term author
786 0# - DATA SOURCE ENTRY
Note Revue historique | 715 | 3 | 2025-12-17 | p. 521-553 | 0035-3264
856 41 - ELECTRONIC LOCATION AND ACCESS
Uniform Resource Identifier <a href="https://shs.cairn.info/journal-revue-historique-2025-3-page-521?lang=en&redirect-ssocas=7080">https://shs.cairn.info/journal-revue-historique-2025-3-page-521?lang=en&redirect-ssocas=7080</a>

Pas d'exemplaire disponible.

PLUDOC

PLUDOC est la plateforme unique et centralisée de gestion des bibliothèques physiques et numériques de Guinée administré par le CEDUST. Elle est la plus grande base de données de ressources documentaires pour les Étudiants, Enseignants chercheurs et Chercheurs de Guinée.

Adresse

627 919 101/664 919 101

25 boulevard du commerce
Kaloum, Conakry, Guinée

Réseaux sociaux

Powered by Netsen Group @ 2025